Statistics for Louis Tomlinson - Holding On To Heartache (all lyrics)

Click here to take the quiz!

General Stats

  • This quiz has been taken 200 times
    (198 since last reset)
  • The average score is 256 of 329

Answer Stats

Answer% Correct
hear
100%
heartache
100%
holdin’
100%
Holdin’
100%
holdin
100%
I
100%
I’m
100%
on
100%
To
100%
to
100%
a
99%
down
99%
go
99%
it
99%
It’s
99%
its
99%
like
99%
me
99%
the
99%
The
99%
We
99%
we
99%
wear
99%
you
99%
You
99%
said
98%
crown
96%
gonna
96%
drag
94%
Just
90%
just
90%
be
87%
That
86%
that
86%
by
83%
When
83%
an
81%
love
80%
passin’
80%
your
79%
at
77%
can
77%
in
77%
sky
77%
should
75%
starin’
75%
heal
73%
And
71%
my
71%
birds
70%
change
70%
know
68%
all
67%
over
65%
still
62%
time
60%
you’re
60%
party’s
58%
space
57%
they
57%
empty
56%
into
56%
alone
55%
but
55%
as
54%
strangest
54%
that’s
54%
then
54%
us
54%
for
52%
have
52%
standin’
52%
way
51%
always
50%
end
49%
feelin’
49%
number
49%
not
48%
called
46%
knew
46%
regretted
46%
seasons
46%
twice
46%
changed
45%
clock
45%
If
45%
darkness
44%
easy
44%
silence
44%
tickin’
44%
Where
44%
would
44%
about
43%
dreams
43%
ever
42%
myself
42%
did
40%
let
40%
bones
39%
honest
39%
moments
39%
waitin’
39%
back
38%
see
38%
wrong
38%
make
37%
nights
37%
Nothing’s
37%
ask
36%
came
36%
second
36%
Creates
35%
wind
35%
ya
35%
Become
33%
never
33%
slowly
31%
Because
30%
held
30%
questions
30%
between
29%
days
29%
faded
27%
of
27%
I’d
26%
shown
25%
thing
25%
comes
24%
keeps
23%
up
20%
endless
19%
driftin’
15%
versions
15%
There’s
13%
floodin’
8%

Score Distribution

Percentile by Number Answered

Percent of People with Each Score

Your Score History

You have not taken this quiz since the last reset